000 00697nam a2200277Ia 4500
005 20260324140137.0
008 008 260324s9999 xx 000 0 eng d
020 _a9780429348617
037 _aEBOOK
040 _aCRL
040 _beng
040 _cCRL
041 _2eng
041 _aeng
084 _qCRL
100 _aTom Paulin; Stanley Jones; David Bromwich; Duncan Wu; Roy Park
_91203298
245 4 _aThe Selected Writings of William Hazlitt Vol 2
260 _bTaylor and Francis
260 _c1999
365 _a
365 _b195
856 _uhttp://www.taylorfrancis.com/books/9780429348617
942 _cEBOOK
999 _c1805035
_d1805035